000
00334nam a2200133Ia 4500
008
191201s2011 xx 000 0 und d
100
_a
DAYARATNAM, P
245
0
_a
Design of Reinforced Concrete Structure
250
_a
Rep
260
_a
N. Delhi
_b
Oxford and IBH pub
_c
2011
300
_a
805
650
_a
B.Tech(CE)
942
_2
ddc
_c
BK
999
_c
5535
_d
5535